Statistieken voor China Waar of Niet Waar

Klik hier om de quiz te nemen!

Algemene statistieken

  • Deze quiz is 686 keer genomen
  • De gemiddelde score is 10 van 15

Antwoordstatistieken

VraagAntwoord% Correct
China heeft meer dan 1 miljard mensenWaar
96%
China grenst aan IndiaWaar
80%
Peking is de stad met de grootste bevolking in ChinaNiet waar
77%
Het maken van papier is een van de vier Grote Uitvindingen van ChinaWaar
77%
Wilde reuzenpanda's leven alleen in ChinaWaar
75%
China ligt in zowel het Noordelijk halfrond als het Zuidelijk halfrondNiet waar
74%
De Parelrivier is de langste rivier van ChinaNiet waar
72%
Mensen die Cantonees (Yue) spreken zijn onverstaanbaar voor mensen die Mandarijn sprekenWaar
71%
Het Christendom is verboden in ChinaNiet waar
61%
Ondanks de grootte van het land heeft China maar één tijdzoneWaar
61%
Wontons (馄饨) zijn een soort lange, dunne noedelsNiet waar
57%
Het percentage grond in China dat bruikbaar is voor agricultuur is lager dan in de EUWaar
57%
Qin Shi Huang was de eerste keizer van een verenigd ChinaWaar
56%
De Chinese dierenriem bestaat uit 14 verschillende tekens / dierenNiet waar
49%
Zheng He is tijdens de zeven Chinese schat-expedities vanuit China helemaal naar delen van Europa gevarenNiet waar
30%

Scoreverdeling

Percentiel versus Aantal Correcte Antwoorden

Procent van Mensen met Elke Score

Uw Scoregeschiedenis

U heeft deze quiz nog niet genomen